000 00840nam a22002657a 4500
999 _c33524
_d33524
001 2774
003 CO-MdFUSB
005 20190202100357.0
008 171123t1998 sp ||||| |||| 00| 0 spa d
020 _a84-8267-031-x
040 _aCO-MdFUSB
_bspa
_cCO-MdFUSB
_dCO-MdFUSBC
_erda
041 0 _aspa
082 0 4 _aG 226.5 G6525s
100 1 _aGooding, David W. (Willoughby)
_eautor
245 1 0 _aSegún Juan
_b : en la escuela de Cristo Juan 13-17
_c/ David Gooding ; Roger Marshall
264 4 _aBarcelona, España :
_bCLIE,
_c©1998
300 _a337 Pag.
336 _2rdacontent
_atexto
_btxt
337 _2rdamedia
_asin mediación
_bn
338 _2rdacarrier
_avolumen
_bnc
500 _aTítulo original : In the school of Christ
650 0 _aSantidad
_9393
653 _aInterpretación de la Biblia N.T. - Juan
942 _cBK